000 00699nam a2200277Ia 4500
005 20260324121200.0
008 008 260324s9999 xx 000 0 eng d
020 _a9781315814070
037 _aEBOOK
040 _aCRL
040 _beng
040 _cCRL
041 _2eng
041 _aeng
084 _qCRL
100 _aMarcus Henning; Christian Krägeloh; Glenis Wong-Toi
_91161512
245 0 _aStudent Motivation and Quality of Life in Higher Education
260 _bTaylor and Francis
260 _c2014
365 _a
365 _b265
856 _uhttp://www.taylorfrancis.com/books/9781315814070
942 _cEBOOK
999 _c1753449
_d1753449